Lietajúci tanier a Indiáni

Bibliographic Details
Main Author: Takáč, Juraj, 1947- (Author)
Other Authors: Kellenberger, Martin, 1957- (Illustrator)
Format: Book
Language:Slovak
PhysicalDescription:162 s. ilustr. 21 cm
Published: Košice Východoslovenské vydavateľstvo 1989
ISBN:8085174189
Edition:1. vyd.
Series:Úsvit
Subjects:

MARC

LEADER 00000cam a2200000 a 4500
001 vtls001082183
003 SK-MaSNL
005 20260302030826.0
008 240509s1989 xo a j 000 f slo
015 |a SNBA1989/09 
020 |a 8085174189  |q (viaz.) 
035 |a SNK000025021 
035 |a urn:nbn:sk:snk-amksg6 
035 |a urn:nbn:sk:snk-am005a8c 
035 |a 5121C084-02BB-41B7-BF33-1D176424DADC 
040 |a SNK  |b slo  |c SNK  |e AACR2 
041 0 |a slo 
044 |a xo  |c SK 
080 |a 885.4-3(087.5)  |2 1981 
100 1 |a Takáč, Juraj,  |d 1947-  |4 aut  |9 223355 
245 1 0 |a Lietajúci tanier a Indiáni  |c Juraj Takáč ; [ilustroval Martin Kellenberger] 
250 |a 1. vyd. 
260 |a Košice  |b Východoslovenské vydavateľstvo  |c 1989  |e Košice  |f Východoslovenské tlačiarne 
300 |a 162 s.  |b ilustr.  |c 21 cm 
366 |e 13500 výtl. 
490 1 |a Úsvit 
500 |a Ilustr. na tit. liste a front. 
521 1 |a Pre čitateľov od 10 rokov 
655 7 |a slovenské romány  |2 SNKPH  |9 70324 
655 7 |a dobrodružné romány  |2 SNKPH  |9 70486 
655 7 |a chlapčenské romány  |2 SNKPH  |9 276906 
700 1 |a Kellenberger, Martin,  |d 1957-  |4 ill  |9 90777 
830 0 |a Úsvit  |9 310979 
919 |a 80-85174-18-9 
958 |a EUIPO 
958 |a OND 
958 |a LX 
958 |a DB 
958 |a TL 
999 |c 1049331  |d 1051261 
952 |t P60, <05>, [BOOK], {605}  |a SNK  |b SNK  |y VYP  |7 0  |p 17A0186213  |o snkSC 75088 D1  |i snkKSP 7241/89  |0 0  |1 0  |4 0  |d 1999-04-07  |f 1  |l 0  |r 2004-12-31 00:00:00  |w 2026-02-24 
952 |t P60, <04>, [BOOK], {604}  |a SNK  |b SNK  |y VYP  |7 0  |p 17A0343903  |o snkSC 75088 D2  |i snkKSP 6242/2002  |0 0  |1 0  |4 0  |d 2002-05-21  |l 0  |r 2004-12-31 00:00:00  |w 2026-02-24 
952 |a SNK  |b SNK  |y PREZ  |7 0  |p 17A0935684  |o snkSC 75088  |0 0  |1 0  |4 0  |d 2012-10-01  |l 0  |r 2025-07-31 00:00:00  |w 2026-02-24